"Lingua Monarchica" an der Peripherie: Die Rolle der deutschen Sprache im polnischen und sozialen Leben Kroatiens im 18. Jahrhundert

Titel: "Lingua Monarchica" an der Peripherie: Die Rolle der deutschen Sprache im polnischen und sozialen Leben Kroatiens im 18. Jahrhundert / Ivana Horbec
Verfasser:
In: Bundesinstitut für Kultur und Geschichte der Deutschen im Östlichen Europa: Jahrbuch des Bundesinstituts für Kultur und Geschichte der Deutschen im Östlichen Europa, Band 26 (2018), Seite 35-50
alle Artikel anzeigen Sprache, Band 26 (2018), Seite 35-50
alle Artikel anzeigen
Veröffentlicht: 2018
Format: Aufsatz
Sprache: Deutsch
Schlagworte:
Kein Bild verfügbar
X
alg: 50488510
001A    $03025:10-02-23 
001B    $03025:27-08-25 $t12:36:39.000 
001D    $03025:10-02-23 
001U    $0utf8 
001X    $00 
002@    $0Aou 
002C    $aText $btxt $2rdacontent 
002D    $aohne Hilfsmittel zu benutzen $bn $2rdamedia 
002E    $aBand $bnc $2rdacarrier 
003@    $0504885103 
007A    $0504885103 $aHEB 
010@    $ager 
010E    $erda 
011@    $a2018 
021A    $a"Lingua Monarchica" an der Peripherie: Die Rolle der deutschen Sprache im polnischen und sozialen Leben Kroatiens im 18. Jahrhundert $hIvana Horbec 
028A    $BVerfasser $4aut $8Horbec, Ivana$Z1977- [Tp3] $9449065332 
031A    $d26 $h35-50 $j2018 
039B    $aEnthalten in $8--Abvc--Bundesinstitut für Kultur und Geschichte der Deutschen im Östlichen Europa [Tb1]. Jahrbuch des Bundesinstituts für Kultur und Geschichte der Deutschen im Östlichen Europa. - München : de Gruyter Oldenbourg, [2011-2018]. - ISSN 2193-6730 $x201800000260000965 $9284808369 
039B    $aEnthalten in $8--Aau--. Sprache. - München : De Gruyter Oldenbourg, [2018]. - 302 Seiten. - Diagramme, Tabellen, Karten. - ISBN 978-3-11-047672-9 $9446537985 
044K    $#Kroatisch $#Kroatien $#Kroatien $#Kroatien $#Nachfolgestaaten Jugoslawiens $#Republik Kroatien $#Kroatien-Slawonien-Dalmatien $#Dalmatien-Kroatien-Slawonien $#Nezavisna Država Hrvatska $#Narodna Republika Hrvatska $#Kraljevina Dalmacija, Hrvatska i Slavonija $#Kr. Hrv., Slav., Dalm. $#Hrv., Slav., Dalm. $#Kr. Hrv., Slav. $#Kraljevina Hrvatska-Slavonija $#Hrvatska-Slavonija $#Königreiche Kroatien-Slavonien $#Königreich Kroatien-Slavonien $#Kroatien-Slavonien $#Croatien-Slawonien $#Königreiche Croatien-Slawonien $#Königreich Croatien-Slawonien $#Vereinigte Königreiche Kroatien Slavonien Dalmatien $#Königreiche Kroatien Slavonien Dalmatien $#Banovina Hrvatska $#Kroatien und Slavonien $#República de Croacia $#HR $#Hrvatska $#Croatia $#SR Hrvatska $#Kraljevina Hrvatska, Slavonija, Dalmacija $#Hrvatska, Slavonija, Dalmacija $#Kraljevina Hrvatska, Slavonija $#Hrvatska i Slavonija $#NR Hrvatska $#Republika Hrvatska $#Socijalistička Republika Hrvatska $#Republic of Croatia $#Kraljevina Dalmacija, Hrvatska, Slavonija $#SR Hrvatska Socijalistička republika Hrvatska $#Kraljevina Hrvtska-Slavonija $#Poeple's Republic of Croatia $#Vlade Narodne Republike Hrvatske $#Volksrepublik Kroatien $74073841-3 $8Kroatien [Tg1] $908520787X 
044K    $RSüdgermanische Sprachen $#German language $#Allemand (langue) $#Neuhochdeutsch $#Deutsche Sprache $#Hochdeutsch $74113292-0 $8Deutsch [Tsz] $9085334081 
044K    $RPolitisches System $#Political culture $#Culture politique $#Cultura politica $#Cultura política $#Politische Kultur $#politische Kultur $#Politische Kultur $74046540-8 $8Politische Kultur [Ts1] $9085129917 
044K    $RPrivatleben $RLebenswelt $RAlltagskultur $#Vie pratique $#Alltagsphänomen $#Alltagsleben $#Alltagswelt $#Lebensweise Alltag $#Tägliches Leben $74001307-8 $8Alltag [Ts1] $9084994274 
045F    $a417.709497209033 $eDDC23BSB 
045F/01 $a417.7 
045F/03 $f09033 
045F/03 $g4972 
045R    $aGeschichte 1700-1800 

lok: 50488510 78

exp: 50488510 78 1 #EPN
201B/01 $010-02-23 $t13:46:38.000 
201C/01 $010-02-23 
201U/01 $0utf8 
203@/01 $01227348827 
208@/01 $a10-02-23 $be 
209A/01 $a/ $f000 $x00 
209A/01 $ab*p $x01 
220C/01 $apgar 
247C/01 $82080>Marburg/Lahn, Herder-Institut, Forschungsbibliothek, Bibliographieportal $9336309341
LEADER 00000caa a2200000 c 4500
001 504885103
003 DE-603
005 20250827123639.0
007 tu
008 230210s2018 xx |||| | u00||u|ger c
035 |a (DE-599)HEB504885103 
040 |a DE-603  |b ger  |c DE-603  |d DE-603  |e rda 
041 |a ger 
082 0 4 |8 1\u  |a 417.709497209033  |q DE-101  |2 23/BSB 
085 |8 1\u  |b 417.7 
085 |8 1\u  |z 1  |s 09033 
085 |8 1\u  |z 2  |s 4972 
100 1 |a Horbec, Ivana  |d 1977-  |e Verfasser  |4 aut  |0 (DE-603)449065332  |0 (DE-588)1187267228  |2 gnd 
245 0 0 |a "Lingua Monarchica" an der Peripherie: Die Rolle der deutschen Sprache im polnischen und sozialen Leben Kroatiens im 18. Jahrhundert  |c Ivana Horbec 
264 0 |c 2018 
336 |a Text  |b txt  |2 rdacontent 
337 |a ohne Hilfsmittel zu benutzen  |b n  |2 rdamedia 
338 |a Band  |b nc  |2 rdacarrier 
648 7 |a Geschichte 1700-1800  |2 gnd 
650 7 |a Deutsch  |0 (DE-588)4113292-0  |0 (DE-603)085334081  |2 gnd 
650 7 |a Politische Kultur  |0 (DE-588)4046540-8  |0 (DE-603)085129917  |2 gnd 
650 7 |a Alltag  |0 (DE-588)4001307-8  |0 (DE-603)084994274  |2 gnd 
651 7 |a Kroatien  |0 (DE-588)4073841-3  |0 (DE-603)08520787X  |2 gnd 
773 0 8 |i Enthalten in  |a Bundesinstitut für Kultur und Geschichte der Deutschen im Östlichen Europa  |t Jahrbuch des Bundesinstituts für Kultur und Geschichte der Deutschen im Östlichen Europa  |d München : de Gruyter Oldenbourg, [2011-2018]  |h 24 cm  |x 2193-6730  |g Band 26 (2018), Seite 35-50  |w (DE-603)284808369  |w (DE-600)2640986-0 
773 0 8 |i Enthalten in  |t Sprache  |d München : De Gruyter Oldenbourg, [2018]  |h 302 Seiten, Diagramme, Tabellen, Karten  |z 9783110476729  |g Band 26 (2018), Seite 35-50  |w (DE-603)446537985 
924 0 |9 2080  |a (DE-603)1227348827  |b DE-2080  |c HES  |d d  |g /